Καρυές ο λόφος των Αγίων

Αποθηκεύτηκε σε:
Λεπτομέρειες βιβλιογραφικής εγγραφής
Κύριος συγγραφέας: Ράλλη, Βασιλική
Μορφή: Βιβλίο
Γλώσσα:Greek
Δημοσίευση: Αθήνα : Ακρίτας, 2000.
Έκδοση:2η έκδ.
Σειρά:Ιστορία και πολιτισμός (Ακρίτας) ; 5
Θέματα:
Ετικέτες: Προσθήκη ετικέτας
Δεν υπάρχουν, Καταχωρήστε ετικέτα πρώτοι!

MARC

LEADER 00000cam a2200000 i 4500
001 1/23343
008 011112s2000 gr | ||| |||| ||gre||
020 |a 9603280992 
035 |l 10067647 
040 |a GR-MY-UA  |b gre  |e aacr 
041 0 |a gre 
082 7 |a 270.092   |2 (22) 
100 1 |a Ράλλη, Βασιλική. 
245 1 0 |a Καρυές ο λόφος των Αγίων /   |c Βασιλικής Ράλλη.  
250 |a 2η έκδ.  
260 |a Αθήνα :   |b Ακρίτας,   |c 2000.  
300 |a 296 σ. :   |b φωτ. ;   |c 21 εκ.  
490 1 |a (Ιστορία και πολιτισμός / Ακρίτας ;   |v  5) 
650 0 0 |a Christian saints  |z Greece  |z Lesbos (Municipality) 
650 0 0 |a Christian saints  |z Greece  |z Lesbos (Municipality)  |x Biography. 
830 0 |a Ιστορία και πολιτισμός (Ακρίτας)  |v  ; 5 
852 |a INST  |b LESVOS  |e 20011112  |h 270.092 ΡΑΛ  |p 005100025144  |q 005100025144  |t BK  |y 0 
901 |a BIBL1-2002-3 
909 |a Λ  |b 099078 
922 |a 1ΕΛΗ  |b 200111  |c ΤΑΚ/ΚΥΒ  |d ΣΦΕΤΟΥΔΗΣ 
970 |a ΚΑΜΑΤΣΟΥ  |b ΔΕΣΠΟΙΝΑ  |z 2002/09/13